Statistics for Most Populous Country by River

Click here to take the quiz!

General Stats

  • This quiz has been taken 45 times
  • The average score is 11 of 16

Answer Stats

RiverCountry% Correct
GangesIndia
100%
NileEgypt
100%
MekongChina
98%
Rio GrandeUnited States
95%
DanubeGermany
93%
EuphratesTurkey
86%
DnieperRussia
86%
GambiaSenegal
86%
ParanaBrazil
79%
ZambeziMozambique
67%
OrinocoColombia
60%
LimpopoSouth Africa
52%
DouroSpain
52%
VoltaGhana
40%
DravaItaly
21%
Syr DaryaUzbekistan
21%

Score Distribution

Percentile by Number Answered

Percent of People with Each Score

Your Score History

You have not taken this quiz